000 00434nam a2200181Ia 4500
001 16731
005 20260306170332.0
008 260306t2007||||xx |||||||||||||| ||und||
041 _aESP
082 _a349.715C
_bU61
100 _aCalvo-Álvarez, Joaquín
_eAUT
245 0 _aCódigo de derecho Canónico
260 _c2007
300 _a1571 páginas :
_c19 cm.
650 _aGEN
654 _aCDE
942 _cLIB
_dJUS
_fJUS
_2ddc
_n
999 _c16731
_d16731